Normal view
MARC view
- تاريخ سوريا- الانتاب الفرنسي على سوريا- معركة ميسلون-
Entry Topical Term
001 - CONTROL NUMBER
- control field: 20030
003 - CONTROL NUMBER IDENTIFIER
- control field: JO-AjAnu
005 - DATE AND TIME OF LATEST TRANSACTION
- control field: 20230606073506.0
008 - FIXED-LENGTH DATA ELEMENTS
- fixed length control field: 230606|| aca||aabn | a|a d
040 ## - CATALOGING SOURCE
- Original cataloging agency: JO-AjAnu
- Transcribing agency: JO-AjAnu
150 ## - HEADING--TOPICAL TERM
- Topical term or geographic name entry element: تاريخ سوريا- الانتاب الفرنسي على سوريا- معركة ميسلون-
670 ## - SOURCE DATA FOUND
- Source citation: Work cat.: (JO-AjAnu)10285: اعداد العساف، مصطفى عبد الرحمن مازن, author 20029, االفكر السياسي في سورية في ظل الانتداب الفرنسي 1920-1946